Les 15 pays les plus visités par les français - Statistiques

Statistiques générales
  • Ce quiz a été pris 376 fois
  • Le résultat moyen est 13 sur 15
Statistiques - réponses
Nombres de touristes Pays % Correct
12.5 millions Espagne
99%
3.9 millions Etats Unis
99%
9.8 millions Italie
95%
3.1 millions Allemagne
94%
7.3 millions Portugal
94%
3.7 millions Royaume Uni
93%
2.7 millions Belgique
92%
5.4 millions Maroc
90%
2.3 millions Suisse
87%
2.5 millions Canada
85%
2.9 millions Pays Bas
78%
6.5 millions Grèce
76%
4.8 millions Tunisie
75%
4.2 millions Turquie
71%
3.2 millions Thailande
52%
Aucun quiz correspondant
Distribution des résultats
% des personnes avec chaque résultat
Percentile par nombre de réponses
Votre historique - résultats
Vous n’avez pas pris ce quiz